000 01178nam a2200313 i 4500
003 EG-GICUC
005 20260121101337.0
008 251123s1992 ua ||||fr|||| 00| 0 ara d
040 _a EG-GICUC
_bara
_c EG-GICUC
_d EG-GICUC
_erda
041 0 _aara
082 0 4 _221
_a345
_bم ج . م
092 0 4 _221
099 _aLaw1 07 345 م ج . م 1992
100 0 _aمجدي عز الدين يوسف
_eمؤلف.
245 1 2 _aالمراكز الظاهرة والفعلية في القانون الادارى /
_cدكتور مجدي عز الدين يوسف.
264 _a[مكان النشر غير محدد] :
_b[الناشر غير محدد]،
_c1992.
300 _a240 صفحة ؛
_c23 سم.
336 _2rda content
_atext
337 _2rda media
_aComputer
338 _2rda carrier
_aOnline Resource
504 _aيشتمل على إرجاعات ببليوجرافية.
546 _aالنص باللغة العربية
650 1 4 _aمحكمة القضاء الإداري
_2qrmak
650 1 4 _aالقرارت الإدارية
651 1 _2qrmak
856 4 0 _uhttps://fll.law.cu.edu.eg/fulltext/bks/B07-00591.pdf
905 _a65
942 _2ddc
_cBK
_e21
_n0
999 _c45647
_d45647